Asterix and the banquet / (Record no. 14282)
[ view plain ]
| 000 -LEADER | |
|---|---|
| fixed length control field | 00519nam a22001812 4500 |
| 001 - CONTROL NUMBER | |
| control field | 0000007420 |
| 005 - DATE AND TIME OF LATEST TRANSACTION | |
| control field | 20151217160112.0 |
| 008 - FIXED-LENGTH DATA ELEMENTS--GENERAL INFORMATION | |
| fixed length control field | 080204s xx 000 0 eng d |
| 020 ## - INTERNATIONAL STANDARD BOOK NUMBER | |
| International Standard Book Number | 0752866095 : |
| Terms of availability | KES 690 |
| 040 ## - CATALOGING SOURCE | |
| Original cataloging agency | KABU |
| Transcribing agency | KABU |
| 100 1# - MAIN ENTRY--PERSONAL NAME | |
| Personal name | Goscinny, |
| Dates associated with a name | 1926-1977. |
| -- | 0000001694 |
| 245 10 - TITLE STATEMENT | |
| Title | Asterix and the banquet / |
| Statement of responsibility, etc. | written by Rene Goscinny. |
| 260 ## - PUBLICATION, DISTRIBUTION, ETC. (IMPRINT) | |
| Place of publication, distribution, etc. | London : |
| Name of publisher, distributor, etc. | Orion, |
| Date of publication, distribution, etc. | 2004. |
| 300 ## - PHYSICAL DESCRIPTION | |
| Extent | 48 p. |
| 908 ## - PUT COMMAND PARAMETER (RLIN) | |
| Put command parameter | 080204 |
| 950 ## - LOCAL HOLDINGS (RLIN) | |
| -- | 1 |
| Withdrawn status | Lost status | Source of classification or shelving scheme | Not for loan | Home library | Current library | Date acquired | Total Checkouts | Full call number | Barcode | Date last seen | Date last checked out | Price effective from | Koha item type |
|---|---|---|---|---|---|---|---|---|---|---|---|---|---|
| Library of Congress Classification | Kabarak, Main Campus | Kabarak, Main Campus | 17/12/2015 | 2 | PN6748 .G67A88 no. 5 | 011996 | 31/08/2016 | 25/08/2016 | 17/12/2015 | Children Collection |